What Are These Towns Famous For? - U.S. Edition - Statistics

General Stats
  • This quiz has been taken 39 times
  • The average score is 8 of 15
Answer Stats
Question Answer % Correct
Why is Aspen, Colorado famous? It's a notoriously expensive ski town
100%
Why is Sturgis, South Dakota famous? The world's largest motorcycle rally takes place there
100%
Why is Bentonville, Arkansas famous? Walmart was founded there
100%
Why is Rachel, Nevada famous? It's the closet town to Area 51
75%
Why is Monowi, Nebraska famous? Only one person lives there
75%
Why is Point Roberts, Washington famous? It's cut off from the rest of the state by Canada
50%
Why is Chapel Hill, North Carolina famous? It's home to the University of North Carolina
50%
Why is Waterbury, Vermont famous? The Ben & Jerry's factory is located there
50%
Why is Centralia, Pennsylvania famous? A mine has been on fire for over sixty years there
25%
Why is Warm Springs, Georgia famous? Franklin D. Roosevelt died there
25%
Why is Cape Coral, Florida famous? It's a planned community built on canals
25%
Why is Flagstaff, Arizona famous? It's near the Grand Canyon
25%
Why is Montauk, New York famous? It's the easternmost town on Long Island
25%
Why is Utqiagvik, Alaska famous? It's the northernmost town in the U.S.
25%
Why is Clovis, New Mexico famous? Spear points belonging to ancient Native Americans were found near there
25%
No matching quizzes found
Score Distribution
Percent of People with Each Score
Percentile by Number Answered
Your Score History
You have not taken this quiz